Project management in construction (Record no. 103791)

MARC details
000 -LEADER
fixed length control field 01261cam a2200253 4500
001 - CONTROL NUMBER
control field L127476
008 - FIXED-LENGTH DATA ELEMENTS--GENERAL INFORMATION
fixed length control field 040922n2004 000 0 eng u
020 ## - INTERNATIONAL STANDARD BOOK NUMBER
International Standard Book Number 9780754683070
035 ## - SYSTEM CONTROL NUMBER
System control number (Sirsi) u127476
041 ## - LANGUAGE CODE
Language code of text/sound track or separate title eng.
050 ## - LIBRARY OF CONGRESS CALL NUMBER
Classification number 658.404
-- 18
100 ## - MAIN ENTRY--PERSONAL NAME
Personal name Lock, D.
245 ## - TITLE STATEMENT
Title Project management in construction
Medium [electronic resource]
260 ## - PUBLICATION, DISTRIBUTION, ETC.
Place of publication, distribution, etc. Aldershot
Name of publisher, distributor, etc. Gower
Date of publication, distribution, etc. 2004
300 ## - PHYSICAL DESCRIPTION
Extent eBook
490 ## - SERIES STATEMENT
Series statement Gower Leading Construction Series
505 2# - FORMATTED CONTENTS NOTE
Formatted contents note Introducing Project Management -- Planning Small Projects -- Planning Small Projects with Critical Path Networks -- Scheduling Project Resources -- Larger and More Complex Plans -- Getting Help from the Computer -- Organizing the Larger Project -- Risk Management -- Controlling Project Costs -- Controlling Cash and Progress -- Controlling Changes -- Handover and Close-out
520 ## - SUMMARY, ETC.
Summary, etc. This eBook presents a practical, accessible guide to defining, organizing, planning and executing a construction project so that it is completed to the satisfaction of the principal stakeholders.
650 24 - SUBJECT ADDED ENTRY--TOPICAL TERM
Topical term or geographic name entry element EBOOK
690 ## - LOCAL SUBJECT ADDED ENTRY--TOPICAL TERM (OCLC, RLIN)
Topical term or geographic name as entry element Project management
9 (RLIN) 6261
856 ## - ELECTRONIC LOCATION AND ACCESS
Uniform Resource Identifier <a href="https://www.vlebooks.com/">https://www.vlebooks.com/</a>
Public note View on VLEbooks. Logins for members only from [email protected]
942 ## - ADDED ENTRY ELEMENTS (KOHA)
Suppress in OPAC 0
Holdings
Withdrawn status Lost status Damaged status Not for loan Home library Current library Shelving location Date acquired Cost, normal purchase price Total Checkouts Full call number Barcode Date last seen Date last checked out Copy number Cost, replacement price Price effective from Koha item type Source of classification or shelving scheme
  Missing from bundle     London London Books 06/04/2006 25.00 23 658.404 LOC 30072890 06/08/2019 08/01/2010 1 25.00 06/08/2019 Book  
        Virtual Virtual Online 10/02/2010 30.00   EBOOK 127476-4001 06/08/2019   1 30.00 06/08/2019 Book Other/Generic Classification Scheme